| 000 | 00943 a2200229 4500 | ||
|---|---|---|---|
| 999 |
_c6958 _d6958 |
||
| 020 | _a9780199045426 (pbk.) | ||
| 050 | 0 | 0 | _aKTL770 LAW 2009 |
| 100 |
_aJamneck, Juanita _eeditor |
||
| 245 | 0 | 4 |
_aThe law of succession in South Africa : _bprivate law / _cJuanita Jamneck, (ed.), Christa Rautenbach, (ed.), Mohamed Paleker, Anton van der Linde, Michael Wood-Bodley. |
| 250 | _aSecond edition. | ||
| 264 | 1 |
_aCape Town, South Africa : _bOxford University Press Southern Africa, _c2009 |
|
| 300 |
_axxvii, 328 pages : _billustrations ; |
||
| 500 | _aIncludes index, | ||
| 650 | 0 | _aInheritance and succession | |
| 700 | 1 |
_aJamneck, Juanita., _eeditor of compilation. |
|
| 700 | 1 |
_aRautenbach, C. _q(Christa), _eeditor of compilation. |
|
| 700 | 1 | _aPaleker, Mohamed. | |
| 700 | 1 | _aVan der Linde, Anton. | |
| 700 | 1 | _aWood-Bodley, Michael. | |
| 942 |
_2lcc _cBK _e2nd _h770 _iLAW _kKTL |
||